000 00698nam a2200241Ia 4500
001 21200
003 DO-CoUTE
005 20260204212546.0
008 220104s9999 dr 000 0 spa d
020 _a980-271-108-x
040 _aDO-CoUTE
_bspa
_cDO-CoUTE
041 0 _aspa
082 _a303.4 SA161a (CRF)
100 1 _aSalcedog, José Joaquín
245 1 0 _aAmérica Latina: La revolución de la esperanza / José Joaquín Salcedog
260 _aBogotá, Colombia : Editorial Andes
300 _a260 páginas
700 1 _aBernal Aalarcón,Hernando
700 1 _aIglesias,Nohoa Inés
942 _2ddc
_cBK
999 _c20478
_d20478